Úttörő sportolók kitüntetése

Elmentve itt :
Bibliográfiai részletek
Dokumentumtípus: Cikk
Megjelent: 1965-10-02
Sorozat:Délmagyarország 55 No. 232
Kulcsszavak:Sportélet iskolai Szeged 1965, Úttörőmozgalom Szeged 1965, sport
Online Access:http://dmarchiv.bibl.u-szeged.hu/70085
LEADER 00458nab a2200145 i 4500
001 delm70085
005 20180927153733.0
008 180927s1965 hu o 0|| hun d
040 |a SZTE Délmagyarország Archívum  |b hun 
041 |a hun 
245 0 0 |a Úttörő sportolók kitüntetése  |h [elektronikus dokumentum] 
260 |c 1965-10-02 
300 |a 8 
490 0 |a Délmagyarország  |v 55 No. 232 
695 |a Sportélet iskolai Szeged 1965, Úttörőmozgalom Szeged 1965, sport